AQA A-Level Psychology: Types of LTM - Statistics

General Stats
  • This quiz has been taken 38 times
  • The average score is 10 of 18
Answer Stats
Question Answer % Correct
Are episodic memories available for conscious inspection? Yes
100%
Are procedural memories explicit or implicit? Implicit
96%
Are procedural memories available for conscious inspection? No
96%
Are episodic memories declarative or non-declarative? Declarative
92%
Which type of LTM is linked to memories of personal events? Episodic memory
92%
Are semantic memories explicit or implicit? Explicit
92%
Are procedural memories declarative or non-declarative? Non-declarative
92%
Which type of LTM is linked to memories of how to do something? Procedural memory
92%
Which type of LTM is linked to facts and knowledge? Semantic memory
88%
Which area(s) of the brain is linked to episodic memories? Hippocampus and temporal lobes
38%
AO3: What is a STRENGTH of types of LTM? Support from case studies
33%
Which type of LTM is the basal ganglia and limbic system linked to? (Put 1 for episodic, 2 for semantic, and 3 for procedural) 3 - Procedural
25%
AO3: What is a LIMITATION of types of LTM? (HINT: Used to counter the strength above) Problems with case studies - Can't be generalised / very specific / can't establish a causal relationship / time consuming
21%
AO3: What is a STRENGTH of types of LTM? Support from brain scans
21%
Which area(s) of the brain is linked to procedural memories? Cerebellum and motor cortex
17%
AO3: What is PRS? Perceptual Representation System memory - The 4th type of LTM related to priming, it is implicit/non-declarative/unconscious/automatic like procedural memory, controlled by a brain system separate from the temporal system (used for explicit memory)
17%
Which area(s) of the brain is linked to semantic memories? Temporal lobes
13%
AO3: What is a LIMITATION of types of LTM? 4th Type of LTM - Current theory is oversimplified and ignores the possibility of PRS
8%
No matching quizzes found
Score Distribution
Percent of People with Each Score
Percentile by Number Answered
Your Score History
You have not taken this quiz